000 00260nam a2200097Ia 4500
008 120527s9999 xx 000 0 und d
100 _aStephens,J.
245 _aInventory of abstracting and indexing services produced in the U.K
260 _bD.I.T
942 _cBK
999 _c15010
_d15010